[Event "TCh-FIN 2016-17"]
[Site "Finland FIN"]
[Date "2017.03.10"]
[Round "9.2"]
[White "Miezis,N"]
[Black "Sepp,O"]
[Result "1-0"]
[WhiteElo "2503"]
[BlackElo "2434"]

1.c4 Nf6 2.Nc3 g6 3.g3 Bg7 4.Bg2 O-O 5.e4 d6 6.Nge2 c5 7.O-O Nc6 8.d3 a6 9.a3
Rb8 10.Rb1 b5 11.cxb5 axb5 12.b4 Ba6 13.f4 Nd7 14.Be3 Nd4 15.Qd2 e6 16.Rfc1
Qe7 17.bxc5 dxc5 18.e5 Nf5 19.Bf2 b4 20.axb4 cxb4 21.Ne4 Rfc8 22.Rxc8+ Bxc8
23.g4 Nh4 24.Nf6+ Nxf6 25.Bxh4 Ne4 26.Bxe7 Nxd2 27.Rb2 b3 28.Bd6 Rb6 29.Bc5
Rb8 30.Ba7 Rb4 31.Be3 Nc4 32.dxc4 Ba6 33.Bc5 Rxc4 34.Bd6 Rc8 35.Nd4 h5 36.Nc6
Kh7 37.Rxb3 hxg4 38.Kf2 Bh6 39.Kg3 Be2 40.Rb7 Kg7 41.Be7 Ra8 42.Bf6+ Kg8
43.Rb2 {#r} 1-0

[Event "TCh-FIN 2016-17"]
[Site "Finland FIN"]
[Date "2017.03.10"]
[Round "9.3"]
[White "Ronka,E"]
[Black "Seeman,T"]
[Result "0-1"]
[WhiteElo "2231"]
[BlackElo "2407"]

1.e4 c5 2.Nf3 e6 3.g3 Nc6 4.Bg2 Nf6 5.Qe2 g6 6.c3 Bg7 7.O-O O-O 8.d4 d5 9.exd5
exd5 10.dxc5 Re8 11.Qd1 Ne4 12.Be3 Bg4 13.h3 Bxf3 14.Qxf3 d4 15.Rd1 dxe3
16.Rxd8 exf2+ 17.Kh2 Raxd8 18.Na3 f5 19.Qe3 Nxg3 20.Qxe8+ Rxe8 21.Kxg3 Re2
22.Rb1 Ne5 23.Bxb7 Rxb2 24.Bg2 Rxb1 25.Nxb1 Bf8 26.c6 Nxc6 27.Kxf2 Ne5 28.Ke3
Bc5+ 29.Ke2 Kg7 30.Nd2 Kf6 31.Nf3 g5 32.Nxe5 Kxe5 33.Kf3 h5 34.Bf1 g4+ 35.Kg3
Kf6 36.Bb5 Kg5 37.h4+ Kf6 38.Be8 Bd6+ 39.Kf2 f4 40.Bxh5 Kf5 41.Be8 Bc5+ 42.Kf1
f3 43.Bd7+ Kf4 44.h5 g3 45.Bh3 Kg5 {#R} 0-1

[Event "TCh-FIN 2016-17"]
[Site "Finland FIN"]
[Date "2017.03.10"]
[Round "9.6"]
[White "Issakainen,A"]
[Black "Koskinen,Hen"]
[Result "0-1"]
[WhiteElo "2199"]
[BlackElo "2244"]

1.d4 d5 2.c4 c6 3.Nf3 Nf6 4.e3 Bf5 5.Nc3 e6 6.Nh4 Bg6 7.Nxg6 hxg6 8.Bd2 Nbd7
9.Rc1 Be7 10.Bd3 O-O 11.cxd5 exd5 12.O-O Bd6 13.f4 Qe7 14.Qf3 Rfe8 15.Qh3 Rad8
16.Rf3 Ne4 17.Be1 f5 18.g4 Qe6 19.gxf5 gxf5 20.Bh4 Ndf6 21.Kh1 Kf7 22.Qg2 Rd7
23.Bxf6 Qxf6 24.Bxe4 dxe4 25.Rg3 Bf8 26.Rg1 Re6 27.Rg5 g6 28.Qh3 Red6 29.Ne2
Rd8 30.Ng3 Rd5 31.Qh7+ Qg7 32.Qxg7+ Bxg7 33.Ne2 R5d6 34.b3 Rh8 35.R5g2 Rh3
36.Ng3 Bf6 37.Rc2 Rd8 38.Rgg2 Bh4 39.Rc5 Be7 40.Rcc2 Bh4 41.Nf1 Rd5 42.Rge2
Be7 43.Kg2 Rh8 44.Nd2 Ke6 45.Nc4 Bf6 46.b4 g5 47.fxg5 Bxg5 48.Na5 Rd7 49.Rc5
Bf6 50.Rf2 Rh5 51.Nb3 Rg7+ 52.Kf1 Rgh7 53.Ra5 b6 54.Ra6 Rh3 55.b5 Rxe3 56.bxc6
Rc3 57.d5+ Kxd5 58.Rxf5+ Be5 59.h4 Rxc6 60.h5 Rf6 61.Rxf6 Bxf6 62.Ke2 Bg5
63.a4 Kc4 64.Nd2+ Bxd2 65.Kxd2 Kd4 66.a5 b5 67.h6 b4 68.Rd6+ Kc5 69.Re6 Kd5
70.Rg6 b3 71.Kc3 e3 72.Rg7 e2 73.Rg1 Ke4 74.Kxb3 Kf3 75.Rh1 Kg2 76.Rc1 Kf2
{#R} 0-1

[Event "TCh-FIN 2016-17"]
[Site "Finland FIN"]
[Date "2017.03.10"]
[Round "9.7"]
[White "Anttila,P"]
[Black "Halmeenmaki,T"]
[Result "1-0"]
[WhiteElo "2178"]
[BlackElo "2167"]

1.d4 Nf6 2.Nd2 d6 3.e4 g6 4.Bc4 Bg7 5.e5 dxe5 6.dxe5 Nd5 7.Nb3 c6 8.f4 O-O
9.Nf3 Be6 10.Qe2 b5 11.Bd3 Nb4 12.Nc5 Nxd3+ 13.cxd3 Bd5 14.O-O Nd7 15.Be3 Nxc5
16.Bxc5 Qc7 17.Nd4 Rfe8 18.Rae1 Rad8 19.b3 b4 20.f5 Bxg2 21.Qxg2 Rd5 22.fxg6
hxg6 23.Ne6 Qa5 24.d4 fxe6 25.Qxg6 Rf8 26.Rxf8+ Kxf8 27.Rf1+ {#r} 1-0

[Event "TCh-FIN 2016-17"]
[Site "Finland FIN"]
[Date "2017.03.10"]
[Round "9.8"]
[White "Prieur,Ee"]
[Black "Tommiska,M"]
[Result "0-1"]
[WhiteElo "2178"]
[BlackElo "2173"]

1.e4 e5 2.Nf3 Nc6 3.Bb5 Bc5 4.O-O Nd4 5.Ba4 Nxf3+ 6.Qxf3 Qf6 7.Qg3 Ne7 8.d3
Ng6 9.Nc3 c6 10.Bg5 Qd6 11.h4 O-O 12.h5 Nf4 13.h6 g6 14.Bb3 Kh8 15.Qf3 f6
16.Bxf4 exf4 17.Ne2 f5 18.d4 fxe4 19.Qxe4 Bb6 20.Rad1 Qf6 21.d5 d6 22.Nd4 Bg4
23.Nf3 Rae8 24.Qd3 Bc5 25.Rde1 Qxb2 26.dxc6 bxc6 27.Ng5 d5 28.Bxd5 cxd5
29.Rxe8 Rxe8 30.Qxd5 Qd4 31.Qf7 Qd7 32.Qxf4 Qf5 33.Qd2 Kg8 34.Re1 Rxe1+
35.Qxe1 Qxg5 36.Qc3 Qc1+ 37.Kh2 Qxh6+ 38.Kg3 Bd6+ 39.Kxg4 Qh5# 0-1

[Event "TCh-FIN 2016-17"]
[Site "Finland FIN"]
[Date "2017.03.10"]
[Round "9.1"]
[White "Lindstedt,J"]
[Black "Ristoja,S"]
[Result "0-1"]
[WhiteElo "2245"]
[BlackElo "2164"]

1.f4 d5 2.d4 Nf6 3.e3 Bg4 4.Nf3 e6 5.Be2 Be7 6.Nbd2 O-O 7.O-O c5 8.c3 Nc6
9.Ne5 Bxe2 10.Qxe2 Qb6 11.Kh1 a5 12.Rf3 Nxe5 13.fxe5 Ne4 14.Nxe4 dxe4 15.Rf4
f6 16.exf6 Rxf6 17.Rxf6 Bxf6 18.b3 a4 19.Rb1 axb3 20.Rxb3 Qc6 21.Qb2 cxd4
22.exd4 Qc4 23.Kg1 Rf8 24.h3 Bh4 25.Be3 Rf1+ {#R} 0-1

[Event "TCh-FIN 2016-17"]
[Site "Finland FIN"]
[Date "2017.03.10"]
[Round "9.2"]
[White "Johansson,Ju"]
[Black "Syvalahti,Timo"]
[Result "0-1"]
[WhiteElo "2138"]
[BlackElo "2121"]

1.d4 Nf6 2.c4 e6 3.Nc3 Bb4 4.e3 c5 5.Ne2 b6 6.a3 Ba5 7.Rb1 Na6 8.Ng3 Bxc3+
9.bxc3 O-O 10.Bd3 d6 11.O-O Nb8 12.Qf3 d5 13.cxd5 exd5 14.e4 cxd4 15.cxd4 Nc6
16.e5 Ne8 17.Be3 Ne7 18.Qh5 f5 19.exf6 Nxf6 20.Qe2 Qd6 21.Rfe1 Ng6 22.Nh5 Ng4
23.Ng3 Qxa3 24.Bxg6 hxg6 25.Bg5 Rxf2 26.Qe8+ Qf8 27.Qxg6 Rxg2+ {#R} 0-1

[Event "TCh-FIN 2016-17"]
[Site "Finland FIN"]
[Date "2017.03.10"]
[Round "9.3"]
[White "Hellen,Bo"]
[Black "Ponnio,Toni"]
[Result "1-0"]
[WhiteElo "2044"]
[BlackElo "2064"]

1.e4 g6 2.d4 Bg7 3.g3 d6 4.Bg2 Nf6 5.Ne2 O-O 6.O-O Nbd7 7.f4 e5 8.fxe5 dxe5
9.d5 Ne8 10.c4 Nd6 11.Qc2 f5 12.exf5 Nxf5 13.Nbc3 Nd4 14.Rxf8+ Qxf8 15.Nxd4
exd4 16.Ne4 Ne5 17.Bf4 Qb4 18.Rc1 Bf5 19.a3 Qe7 20.c5 Ng4 21.d6 cxd6 22.cxd6
Qf7 23.Ng5 Bxc2 24.Nxf7 d3 25.Bd5 Bd4+ 26.Kh1 Kg7 27.Rf1 Nf2+ 28.Kg2 Ng4 29.d7
Bf6 30.h3 g5 31.Nxg5 Ne5 32.Ne6+ Kg6 33.Bxe5 Bxe5 34.Be4+ Kh6 35.Rf7 {#r} 1-0

[Event "TCh-FIN 2016-17"]
[Site "Finland FIN"]
[Date "2017.03.10"]
[Round "9.4"]
[White "Tingander,Ari-Pekka"]
[Black "Nurk,I"]
[Result "1-0"]
[WhiteElo "2007"]
[BlackElo "2147"]

1.e4 c6 2.d4 d5 3.e5 Bf5 4.Nf3 e6 5.Be2 Nd7 6.O-O c5 7.c3 Ne7 8.Be3 Nc6 9.a3
c4 10.Nbd2 Be7 11.Ne1 b5 12.g4 Bg6 13.f4 f6 14.f5 Bf7 15.exf6 Bxf6 16.Ndf3
exf5 17.gxf5 O-O 18.Ng2 Re8 19.Qd2 Qe7 20.Rae1 h6 21.Bf2 Qd8 22.Bd1 Qb6 23.Ne5
Bg5 24.Qc2 Qc7 25.Nxf7 Rxe1 26.Rxe1 Kxf7 27.Bg3 Qd8 28.Bh5+ Kg8 29.Re8+ Qxe8
30.Bxe8 Rxe8 31.h4 Bf6 32.Nf4 Nb6 33.Qg2 Ne7 34.Qe2 Kf7 35.Qh5+ g6 36.Nxg6
{#r} 1-0

[Event "TCh-FIN 2016-17"]
[Site "Finland FIN"]
[Date "2017.03.10"]
[Round "9.5"]
[White "Syvalahti,H"]
[Black "Miettinen,T"]
[Result "1-0"]
[WhiteElo "2073"]
[BlackElo "2008"]

1.d4 d5 2.Nf3 Nf6 3.g3 e6 4.Bg2 Bd6 5.c4 c6 6.Nbd2 O-O 7.O-O Nbd7 8.Qc2 c5
9.e4 dxe4 10.Nxe4 Nxe4 11.Qxe4 Nf6 12.Qe3 Qc7 13.b3 Ng4 14.Qg5 e5 15.dxe5 Nxe5
16.Bb2 h6 17.Qd2 Rb8 18.Rfe1 Nxf3+ 19.Bxf3 Rd8 20.Qc3 Bf8 21.Bd5 b5 22.Qe5 Qb6
23.Qh5 Be6 24.Bxe6 fxe6 25.cxb5 Rd2 26.Bc3 Rc2 27.Rec1 Rxc1+ 28.Rxc1 Qxb5
29.Qe5 Re8 30.Re1 Qd3 31.Kg2 Kf7 32.Kg1 Qd5 33.Qe2 Rd8 34.Qg4 h5 35.Qf4+ Kg8
36.h4 Qf5 37.Qc7 Rd3 38.Ba5 Rf3 39.Re2 Qd3 40.Qe5 Rf6 41.Bc3 Bd6 42.Qe3 Qxe3
43.Rxe3 Rg6 44.Be5 Be7 45.Kf1 Kf7 46.Rd3 Ke8 47.Bb8 a6 48.Be5 Bf6 49.Bxf6 Rxf6
50.Rd6 e5 51.Rd5 Re6 52.Rxc5 Kd7 53.Ke2 Kd6 54.b4 Rg6 55.Ra5 Rg4 56.Rxa6+ Kd5
57.Ra5+ Kd4 58.Ra7 g5 59.hxg5 Rxg5 60.Rh7 Kc4 61.a3 Kb3 62.Ra7 h4 63.gxh4 Rh5
64.b5 Rxh4 65.b6 Rh6 66.b7 Rb6 67.Ke3 {#r} 1-0

[Event "TCh-FIN 2016-17"]
[Site "Finland FIN"]
[Date "2017.03.10"]
[Round "9.1"]
[White "Shirov,A"]
[Black "Moiseenko,Va"]
[Result "1-0"]
[WhiteElo "2673"]
[BlackElo "2527"]

1.d4 d5 2.c4 dxc4 3.e4 e5 4.Nf3 exd4 5.Bxc4 Bb4+ 6.Nbd2 Nc6 7.Qb3 Qe7 8.O-O
Nh6 9.Bd5 Na5 10.Qd3 c6 11.a3 Bd6 12.Ba2 c5 13.e5 Bc7 14.Ne4 c4 15.Bxc4 Nxc4
16.Qxc4 Ng4 17.Bg5 Nxe5 18.Nxe5 Qxe5 19.f4 Qa5 20.Nf6+ Kf8 21.Rfe1 Bf5 22.b4
{#r} 1-0

[Event "TCh-FIN 2016-17"]
[Site "Finland FIN"]
[Date "2017.03.10"]
[Round "9.3"]
[White "Karttunen,M"]
[Black "Ladva,O"]
[Result "1-0"]
[WhiteElo "2458"]
[BlackElo "2501"]

1.e4 g6 2.d4 Bg7 3.Nc3 a6 4.Be3 d6 5.Qd2 b5 6.f3 Nd7 7.Nh3 Bb7 8.a4 b4 9.Nd1
c5 10.dxc5 dxc5 11.Be2 Qa5 12.O-O Ngf6 13.Bh6 O-O 14.Bxg7 Kxg7 15.Ne3 Ne5
16.Qe1 c4 17.Bxc4 Qc5 18.Qf2 Rac8 19.Bb3 a5 20.Rfd1 Ba6 21.Rd4 Qc7 22.Rad1 Nc6
23.R4d2 Ne5 24.Nf4 Nc4 25.Nfd5 Nxd5 26.Nxd5 Qe5 27.Bxc4 Bxc4 28.Nb6 Qxb2
29.Nxc8 Rxc8 30.Qd4+ Qxd4+ 31.Rxd4 Ba2 32.R1d2 Kf6 33.Kf2 g5 34.Ke1 Be6 35.Kd1
Rc5 36.Rd8 g4 37.f4 b3 38.Kc1 Rc4 39.R8d4 Rc7 40.Kb2 bxc2 41.Rxc2 Rb7+ 42.Kc1
Rd7 43.Rxd7 Bxd7 44.Rc4 e5 45.f5 Kg5 46.g3 f6 47.Kb2 h5 48.Kb3 h4 49.Rc5 h3
50.Rxa5 Bc6 51.Rd5 Bxd5+ 52.exd5 Kxf5 53.a5 {#r} 1-0

[Event "TCh-FIN 2016-17"]
[Site "Finland FIN"]
[Date "2017.03.10"]
[Round "9.6"]
[White "Kekki,P"]
[Black "Koykka,P"]
[Result "1-0"]
[WhiteElo "2346"]
[BlackElo "2312"]

1.d4 Nf6 2.c4 e6 3.Nc3 Bb4 4.e3 b6 5.Bd2 Bb7 6.f3 O-O 7.a3 Be7 8.e4 d6 9.Nge2
Nh5 10.Qc2 f5 11.O-O-O fxe4 12.fxe4 Bg5 13.g3 Nc6 14.Bh3 e5 15.d5 Na5 16.Be6+
Kh8 17.g4 Bxd2+ 18.Rxd2 Nf4 19.Nxf4 Rxf4 20.b3 Rf3 21.Kb2 Qh4 22.Rg1 Raf8
23.g5 Ba6 24.Rg4 Qe1 25.Re2 Qf1 26.Rg3 Rf2 27.g6 Rxe2 28.Nxe2 Rf2 29.Rh3 h6
30.Re3 Rxh2 31.Qd3 Rh1 32.Kc3 Qa1+ 33.Kb4 c5+ 34.dxc6 Nxc6+ 35.Ka4 Qe1 36.Nc3
Qh4 37.Qxd6 Qe7 38.Qxc6 Rf1 39.Nd5 Qf8 40.Bf7 Rxf7 41.gxf7 {#r} 1-0

[Event "TCh-FIN 2016-17"]
[Site "Finland FIN"]
[Date "2017.03.10"]
[Round "9.7"]
[White "Mertanen,J"]
[Black "Hentunen,A"]
[Result "0-1"]
[WhiteElo "2298"]
[BlackElo "2313"]

1.d4 Nf6 2.Bg5 c5 3.Bxf6 gxf6 4.d5 Qb6 5.Qc1 f5 6.g3 Bh6 7.e3 e5 8.Ne2 d6
9.Nd2 Nd7 10.Nc3 a6 11.a4 Qc7 12.Bh3 Nf6 13.Nc4 b6 14.Qd1 O-O 15.O-O Bd7 16.a5
bxa5 17.Nxa5 Rfe8 18.Re1 e4 19.Nc4 Kh8 20.Ne2 Bg7 21.Nf4 Ng4 22.Bxg4 fxg4
23.Nh5 Rg8 24.Qd2 Bb5 25.Nxg7 Rxg7 26.Qc3 Qe7 27.Nd2 Rc8 28.b3 Qg5 29.Qb2 c4
30.bxc4 Bxc4 31.Ra5 Bb5 32.Rc1 Be2 33.c4 Qh6 34.Qb7 Re8 35.Qd7 Rgg8 36.Re1 Bf3
37.h4 gxh3 38.Kh2 Bg4 39.Qa7 Qf6 40.Qd4 Re5 41.f4 exf3 42.e4 Bc8 43.Qf2 Reg5
44.Nf1 Qc3 45.Raa1 f5 46.Rac1 Qf6 47.exf5 Rxf5 48.Re3 Rf8 49.Re4 Qg7 50.Rd1
Re5 51.Rde1 Rxe4 52.Rxe4 a5 53.Qd2 a4 54.c5 Ba6 55.Ne3 a3 56.cxd6 f2 57.d7
Qxd7 58.Qc3+ Qg7 59.Qxa3 f1=Q 60.Nxf1 Rf2+ 61.Kh1 Rxf1+ 62.Kh2 Rf2+ 63.Kg1 Rf8
64.Kh2 Bc8 65.Re2 Bg4 66.Rd2 h6 67.Qb4 Rf3 68.d6 Bd7 69.Qh4 Qg5 70.Qxg5 hxg5
71.g4 Kg7 72.Re2 Bxg4 73.Re7+ Kf6 {#R} 0-1

[Event "TCh-FIN 2016-17"]
[Site "Finland FIN"]
[Date "2017.03.10"]
[Round "9.8"]
[White "Tiitta,S"]
[Black "Penttinen,J"]
[Result "1-0"]
[WhiteElo "2203"]
[BlackElo "2268"]

1.d4 g6 2.e4 Bg7 3.Nc3 d6 4.Be3 a6 5.Qd2 b5 6.a4 b4 7.Nd1 a5 8.c3 bxc3 9.bxc3
Ba6 10.f3 Bxf1 11.Kxf1 Nd7 12.h4 h5 13.Nf2 e6 14.Ngh3 Ne7 15.Ng5 Nb6 16.Qd3
Qd7 17.d5 exd5 18.Bxb6 cxb6 19.exd5 Rc8 20.Nfe4 f5 21.Ne6 Be5 22.N4g5 Rxc3
23.Qa6 Rc8 24.Re1 f4 25.Qxb6 Qxa4 26.Rxe5 dxe5 27.Ng7+ Kd7 28.Qe6+ Kc7
29.Qxe7+ Kb6 30.Kg1 Rc1+ 31.Kh2 Rxh1+ 32.Kxh1 Qa1+ 33.Kh2 Rc8 34.Qe6+ Kb7
35.Ne8 Rc1 36.Nd6+ Kb6 37.Nde4+ Kb5 38.Qd7+ Kb4 39.Nf2 Qd4 40.Nge4 Rc2 41.Qb7+
Ka4 42.d6 Rxf2 43.Qc6+ Kb4 44.Nxf2 Qxf2 45.Qe4+ Kb3 46.Qxe5 a4 47.Qe6+ Kb2
48.d7 Qxh4+ 49.Kg1 a3 50.Qb6+ Kc2 51.Qxg6+ Kd2 52.Qd6+ Kc2 53.Qc5+ Kd1 54.Qd4+
Kc2 55.d8=Q Qe1+ 56.Kh2 Qg3+ 57.Kh1 Qe1+ 58.Qg1 Qxg1+ 59.Kxg1 a2 60.Qd4 Kb1
61.Qb4+ Kc1 62.Qa3+ Kb1 63.Qb3+ Ka1 64.Qc2 h4 65.Qc1# 1-0

[Event "TCh-FIN 2016-17"]
[Site "Finland FIN"]
[Date "2017.03.10"]
[Round "9.2"]
[White "Tazbir,M"]
[Black "Kiik,K"]
[Result "1-0"]
[WhiteElo "2517"]
[BlackElo "2396"]

1.e4 e5 2.Nf3 Nc6 3.Bb5 g6 4.O-O Bg7 5.c3 a6 6.Ba4 d6 7.d4 Bd7 8.d5 Nce7 9.c4
b5 10.Bb3 Nf6 11.Re1 O-O 12.a4 c5 13.dxc6 Bxc6 14.Nc3 bxc4 15.Bxc4 Nxe4
16.Nxe4 d5 17.Nc3 dxc4 18.Qxd8 Rfxd8 19.Nxe5 Bxe5 20.Rxe5 Nd5 21.Bg5 f6
22.Nxd5 Rxd5 23.Bxf6 Rxe5 24.Bxe5 Rd8 25.f3 Kf7 26.a5 Rd7 27.Rc1 Bd5 28.h4 h5
29.Kf2 Be6 30.Rc2 Rd5 31.Bc3 Rd7 32.Re2 Rd5 33.Re4 Rb5 34.g4 Rd5 35.Rf4+ Ke7
36.Rf6 hxg4 37.fxg4 g5 38.h5 Bxg4 39.Rh6 Rd3 40.Rh7+ Ke6 41.h6 Bf5 42.Rh8 Rh3
43.Ra8 g4 44.Rxa6+ Kd5 45.Rb6 Ke4 46.Rf6 Rh2+ 47.Kg3 Rh3+ 48.Kg2 Bc8 49.a6 Kd3
50.Kf2 Rh2+ 51.Kg3 Rh3+ 52.Kg2 Ke2 53.Be5 Rf3 54.h7 {#r} 1-0

[Event "TCh-FIN 2016-17"]
[Site "Finland FIN"]
[Date "2017.03.10"]
[Round "9.3"]
[White "Niemi,K"]
[Black "Sipila,V"]
[Result "0-1"]
[WhiteElo "2338"]
[BlackElo "2447"]

1.Nf3 d5 2.g3 b5 3.Bg2 Nf6 4.O-O e6 5.d3 Bb7 6.c4 a6 7.cxd5 Nxd5 8.a4 Nd7
9.axb5 axb5 10.Rxa8 Qxa8 11.Qb3 c6 12.Nc3 Be7 13.Nxd5 exd5 14.Bd2 O-O 15.Rc1
c5 16.Qxb5 Bc6 17.Qb3 Bf6 18.Qc2 Rb8 19.d4 Ba4 20.Qf5 cxd4 21.b4 g6 22.Qf4 Qa7
23.Bh3 Qb6 24.Qc7 Rd8 25.Bxd7 Qxc7 26.Rxc7 Bxd7 27.Bg5 Bxg5 28.Nxg5 Bb5
29.Nxf7 Ra8 30.Nh6+ Kf8 31.Rc2 Re8 32.Ng4 Bxe2 33.Nf6 d3 34.Ra2 Rd8 35.Ra7 Rd6
36.Ne8 Kxe8 {#R} 0-1

[Event "TCh-FIN 2016-17"]
[Site "Finland FIN"]
[Date "2017.03.10"]
[Round "9.5"]
[White "Hartikainen,M"]
[Black "Sorsa,N"]
[Result "1-0"]
[WhiteElo "2294"]
[BlackElo "2230"]

1.e4 c5 2.Nf3 d6 3.c3 Nf6 4.h3 Nbd7 5.Bd3 e6 6.Bc2 b6 7.O-O Bb7 8.Re1 Be7 9.d4
e5 10.d5 O-O 11.a4 Ne8 12.Na3 Nc7 13.g4 Ba6 14.Be3 Nf6 15.b4 h5 16.Nh2 hxg4
17.hxg4 Nh7 18.Kg2 Bg5 19.Qd2 Qf6 20.Rh1 Bxe3 21.Qxe3 Ng5 22.b5 Bb7 23.Nf3
Nxf3 24.Qxf3 Qxf3+ 25.Kxf3 Rfd8 26.Rh4 f6 27.Nc4 Kf7 28.Kg3 Rab8 29.Rh7 Kg6
30.Rhh1 Kf7 31.Bd3 Bc8 32.Rhb1 Ke7 33.a5 Bd7 34.axb6 axb6 35.Ra7 Rdc8 36.f4
exf4+ 37.Kxf4 Be8 38.g5 Bd7 39.gxf6+ gxf6 40.Rh1 Bxb5 41.Rh7+ Kd8 42.Rh8+ Be8
43.Nxd6 b5 44.Rxe8+ {#r} 1-0

[Event "TCh-FIN 2016-17"]
[Site "Finland FIN"]
[Date "2017.03.10"]
[Round "9.6"]
[White "Topi Hulmi,T"]
[Black "Jarvenpaa,J"]
[Result "1-0"]
[WhiteElo "2207"]
[BlackElo "2268"]

1.d4 d5 2.c4 dxc4 3.Nf3 Nf6 4.e3 a6 5.Bxc4 b5 6.Bb3 Bb7 7.O-O e6 8.Qe2 c5
9.dxc5 Bxc5 10.Rd1 Qc7 11.Nbd2 O-O 12.Nf1 Ne4 13.Ng3 Nxg3 14.hxg3 Nc6 15.Bd2
Rfd8 16.Rac1 Qb6 17.Ng5 Be7 18.Nxf7 Rf8 19.Bxe6 Rxf7 20.Bc3 Nd8 21.Bxf7+ Nxf7
22.Qg4 Bf6 23.Bxf6 Qxf6 24.Rc7 Nh6 25.Qd7 Be4 26.Rc8+ Rxc8 27.Qxc8+ Kf7
28.Rd7+ Kg6 29.Qe8+ Kf5 30.g4+ Kxg4 31.Qxe4+ Kh5 32.Rd5+ g5 33.Qf3+ Qxf3
34.gxf3 Nf7 35.Rd7 Ne5 36.Rxh7+ Kg6 37.Ra7 Nxf3+ 38.Kh1 Kf5 39.Rxa6 Ke4 40.Rb6
Kd3 41.Rxb5 Ke2 42.Kg2 {#r} 1-0

[Event "TCh-FIN 2016-17"]
[Site "Finland FIN"]
[Date "2017.03.10"]
[Round "9.7"]
[White "Rantanen,Y"]
[Black "Vainio,V"]
[Result "0-1"]
[WhiteElo "2286"]
[BlackElo "2188"]

1.e4 c5 2.Nf3 d6 3.d4 cxd4 4.Nxd4 Nf6 5.Nc3 g6 6.Be2 Bg7 7.Nb3 Nc6 8.O-O O-O
9.g4 Be6 10.f4 Na5 11.g5 Nd7 12.Nd5 Bxd5 13.Qxd5 Qb6+ 14.Kg2 Nc6 15.c3 a5
16.a4 Rfd8 17.Qb5 e6 18.Qxb6 Nxb6 19.Be3 Nc8 20.Rad1 d5 21.exd5 exd5 22.Bf3
Nd6 23.Bxd5 Ne7 24.Bc1 Nxd5 25.Rxd5 Nc4 26.Rfd1 Re8 27.Kf3 h6 28.h4 Re6 29.Nc5
Re7 30.b3 Nb6 31.Rd6 Rc7 32.Ne4 Nc8 33.Rd8+ Kh7 34.R8d7 Rxd7 35.Rxd7 Kg8
36.Rxb7 Ra6 37.Rb8 Rc6 38.Be3 Kh7 39.Bd4 Bxd4 {#R} 0-1

[Event "TCh-FIN 2016-17"]
[Site "Finland FIN"]
[Date "2017.03.10"]
[Round "9.2"]
[White "Sammalvuo,T"]
[Black "Kivimaki,Ja"]
[Result "1-0"]
[WhiteElo "2417"]
[BlackElo "2214"]

1.d4 d5 2.c4 dxc4 3.e4 Nc6 4.Nf3 Bg4 5.d5 Ne5 6.Bf4 Ng6 7.Be3 e5 8.Bxc4 a6
9.Nc3 Bd6 10.Be2 Nf6 11.Nd2 Bd7 12.O-O O-O 13.g3 Bh3 14.Re1 Qd7 15.f3 Qe7
16.Nc4 Bd7 17.Nxd6 cxd6 18.Na4 Bb5 19.Nb6 Bxe2 20.Rxe2 Rab8 21.Rc1 Rfd8
22.Rec2 Ne8 23.Qf1 Nf8 24.Qh3 Nd7 25.Kg2 Nef6 26.Rc7 Qe8 27.Nc4 Nf8 28.Bg5 Ng6
29.Bxf6 gxf6 30.Ne3 Qf8 31.Ng4 {#r} 1-0

[Event "TCh-FIN 2016-17"]
[Site "Finland FIN"]
[Date "2017.03.10"]
[Round "9.3"]
[White "Tuomala,Ti"]
[Black "Nyysti,S"]
[Result "0-1"]
[WhiteElo "2188"]
[BlackElo "2363"]

1.d4 Nf6 2.Nf3 e6 3.e3 b6 4.Bd3 Bb7 5.O-O c5 6.c4 Be7 7.Nc3 cxd4 8.exd4 d6
9.Re1 O-O 10.d5 e5 11.Bc2 Ne8 12.Ne4 Nd7 13.Neg5 g6 14.h4 Ng7 15.h5 Nxh5
16.Nxh7 Kxh7 17.Ng5+ Kg7 18.Bxg6 Bxg5 19.Bxh5 f5 20.f4 exf4 21.Re6 Ne5 22.Qd4
Bc8 23.Bxf4 Bxe6 24.dxe6 Qf6 25.Rd1 Bxf4 26.Qxf4 Qxe6 27.Qg5+ Ng6 28.Rd2 Qe1+
{#R} 0-1

[Event "TCh-FIN 2016-17"]
[Site "Finland FIN"]
[Date "2017.03.10"]
[Round "9.5"]
[White "Lauren,M"]
[Black "Kosmo,S"]
[Result "1-0"]
[WhiteElo "2201"]
[BlackElo "2181"]

1.f4 g6 2.e4 c5 3.Nc3 d6 4.Bc4 Bg7 5.Nf3 Nc6 6.d3 Nf6 7.O-O O-O 8.a3 Nd4
9.Nxd4 cxd4 10.Nd5 Nxd5 11.Bxd5 e6 12.Bb3 Kh8 13.Qe2 Qe7 14.Bd2 f5 15.e5 a5
16.exd6 Qxd6 17.Rae1 Bd7 18.Qf2 b6 19.Re2 Bf6 20.Rfe1 Rae8 21.a4 Rg8 22.Bc4
Rg7 23.b3 h6 24.Bc1 g5 25.fxg5 hxg5 26.Bb2 Rh7 27.g3 Ree7 28.Re5 Bxe5 29.Rxe5
Rh6 30.Bxd4 Kh7 31.Re1 Kg6 32.Be5 Qc6 33.d4 Reh7 34.h4 gxh4 35.g4 Rf7 36.gxf5+
Rxf5 37.Bd3 Rh5 38.Kh2 Rg5 39.Rg1 Kh5 40.Rxg5+ Kxg5 41.Qg1+ Kh5 42.Be2+ Rf3
43.Bf4 Qd5 44.Bxf3+ Qxf3 45.Qg5# 1-0

[Event "TCh-FIN 2016-17"]
[Site "Finland FIN"]
[Date "2017.03.10"]
[Round "9.7"]
[White "Salonen,J"]
[Black "Nyback,J"]
[Result "0-1"]
[WhiteElo "2225"]
[BlackElo "2120"]

1.e4 c6 2.d3 d5 3.Be2 dxe4 4.dxe4 Qxd1+ 5.Bxd1 e5 6.Nf3 f6 7.Be3 Nd7 8.Nbd2
Bc5 9.Nc4 Bxe3 10.Nxe3 Nc5 11.Nd2 Be6 12.b4 Nd7 13.c3 Nh6 14.Bb3 Ke7 15.Ke2
Rhd8 16.Bxe6 Kxe6 17.Ndc4 Rac8 18.Rhd1 Nf7 19.Nf5 g6 20.Nfd6 Nxd6 21.Nxd6 Rb8
22.c4 Ke7 23.Rd3 Nf8 24.c5 Ne6 25.Rc3 b6 26.Ra3 Rd7 27.Rc1 bxc5 28.bxc5 Nxc5
29.Rxc5 Kxd6 30.Rc2 Rbb7 31.Ra6 Rdc7 32.Ke3 Rb6 33.Ra3 c5 34.Rd3+ Ke6 35.Rdc3
Rb5 36.Rc4 Ra5 37.a4 Kd6 38.Rd2+ Kc6 39.Rd8 Rd7 40.Rc8+ Kd6 41.g3 Rb7 42.Rd8+
Ke6 43.Rd5 Rb3+ 44.Kd2 Ra3 45.Rcxc5 Rxc5 46.Rxc5 Rxa4 47.Rc7 Rxe4 48.Rxa7 h5
49.f3 Rb4 50.Ra2 Kf5 51.Ke3 h4 52.Kf2 h3 53.Re2 g5 54.Ke3 g4 55.fxg4+ Kxg4
56.Kf2 e4 57.Ke3 f5 58.Rf2 Rb3+ 59.Kd4 Rd3+ 60.Ke5 Rf3 61.Re2 Rf1 62.Rc2 e3
63.Rb2 Rf2 64.Rb4+ Kg5 65.Rb8 Kg4 66.Rb4+ Kf3 67.Kxf5 e2 68.Re4 Rxh2 69.g4 Rg2
70.Rf4+ Ke3 71.Re4+ Kd3 72.Re7 h2 73.Rd7+ Ke3 {#R} 0-1

[Event "66th ch-GRE 2017"]
[Site "Thessaloniki GRE"]
[Date "2017.03.09"]
[Round "6.2"]
[White "Kotronias,V"]
[Black "Ladopoulos,D"]
[Result "1-0"]
[WhiteElo "2524"]
[BlackElo "2138"]

1.Nf3 Nf6 2.c4 d6 3.d4 g6 4.Nc3 Bg7 5.Bg5 O-O 6.e3 c5 7.d5 a6 8.Nd2 e6 9.Be2
exd5 10.Nxd5 Be6 11.Bf3 Nc6 12.O-O Bxd5 13.Bxd5 Qb6 14.Bxf6 Bxf6 15.Ne4 Bg7
16.Rb1 Rad8 17.a3 Qc7 18.Qf3 Kh8 19.Ng5 h6 20.Nxf7+ Kh7 21.Nxd8 Rxf3 22.Ne6
Qe7 23.gxf3 Ne5 24.f4 Ng4 25.h3 Nf6 26.a4 Nxd5 27.cxd5 Qh4 28.Kg2 Qh5 29.e4
Qe2 30.Rfe1 Qc4 31.b3 Qd3 32.Rbd1 Qxb3 33.Rb1 Qc3 34.Re3 {#r} 1-0

[Event "66th ch-GRE 2017"]
[Site "Thessaloniki GRE"]
[Date "2017.03.09"]
[Round "6.5"]
[White "Simeonidis,I"]
[Black "Pavlidis,Ant"]
[Result "0-1"]
[WhiteElo "2231"]
[BlackElo "2532"]

1.Nf3 Nf6 2.c4 g6 3.Nc3 Bg7 4.e4 d6 5.d4 O-O 6.Be2 Na6 7.Be3 e5 8.d5 Ng4 9.Bg5
f6 10.Bh4 c5 11.Nd2 h5 12.h3 Nh6 13.f3 Nf7 14.Qc2 Bd7 15.O-O-O Bh6 16.Bf2 Nc7
17.Kb1 a6 18.h4 Kg7 19.Rdg1 Rh8 20.g4 hxg4 21.fxg4 Bf4 22.h5 b5 23.Nf1 g5
24.Ng3 bxc4 25.Nf5+ Kh7 26.Bxc4 Nb5 27.Rh3 Nxc3+ 28.Rxc3 a5 29.Qd3 Rb8 30.Rb3
a4 31.Rxb8 Qxb8 32.Be1 Re8 33.Bc3 a3 34.Rg2 Qb6 35.Ka1 Bxf5 36.gxf5 Ra8 37.Qb1
Rb8 38.Qc2 axb2+ 39.Qxb2 Qa7 40.Qc2 Be3 {#R} 0-1

[Event "ch-IRI 2017"]
[Site "Tehran IRI"]
[Date "2017.03.09"]
[Round "6.2"]
[White "Maghsoodloo,Parham"]
[Black "Mosadeghpour,Masoud"]
[Result "0-1"]
[WhiteElo "2576"]
[BlackElo "2444"]

1.d4 d5 2.Bf4 c5 3.e3 Nc6 4.c3 Nf6 5.Nd2 e6 6.Ngf3 Bd6 7.Bg3 O-O 8.Bd3 Re8
9.Ne5 Bxe5 10.dxe5 Nd7 11.Qb1 h6 12.f4 c4 13.Bh7+ Kh8 14.Bc2 b5 15.O-O b4
16.Nf3 bxc3 17.bxc3 Qa5 18.Be1 Nc5 19.Nd4 Bd7 20.Qd1 Nd3 21.g4 Rab8 22.g5 Nxe1
23.Qxe1 Rb2 24.Bb1 Nxd4 25.exd4 g6 26.gxh6 Reb8 27.Kh1 Qd8 28.Rg1 Be8 29.f5
exf5 30.Bxf5 Qe7 31.Rb1 Qf8 32.Rxb2 Rxb2 33.Qc1 Rxa2 34.Qf4 Qe7 35.e6 Qf6
36.exf7 Bxf7 37.Qb8+ Kh7 38.Qf8 Ra6 39.Bh3 Bg8 40.Qb8 Rb6 41.Qxa7+ Kxh6 42.Qa8
Be6 43.Bg2 Rb2 44.Rf1 Rf2 45.Rxf2 Qxf2 46.Qh8+ Kg5 47.Qe5+ Qf5 48.Qe3+ Kf6
49.h4 Qg4 50.Qh6 Qg3 51.Qf8+ Bf7 52.Qd8+ Kg7 53.Qg5 Qxc3 54.Qe5+ Kh7 55.Bxd5
Qh3+ 56.Kg1 Qg4+ 57.Kf1 Bxd5 58.Qe7+ Kg8 59.Qe8+ Kh7 60.Qe7+ Kg8 61.Qe8+ Kg7
62.Qe5+ Kf8 63.Qd6+ Ke8 64.Qxd5 Qf5+ 65.Qxf5 gxf5 66.h5 c3 67.Ke1 f4 68.h6 Kf7
69.h7 Kg7 70.d5 f3 71.d6 c2 {#R} 0-1